Loading...

Principles of Marketing

Bibliographic Details
Main Author: Kinner, Thomas C; Bernard, Kenneth L
Format: Printed Book
Published: Scoot, Foresman Little Brown 1990
Edition:3 edition
Subjects:
LEADER 00579nam a2200193 4500
020 |c 747 
082 |a 658.8 KIN 
100 |a Kinner, Thomas C; Bernard, Kenneth L 
245 |a Principles of Marketing  |c Kinner, Thomas C; Bernard, Kenneth L 
250 |a 3 edition 
260 |a Scoot, Foresman Little Brown  |c 1990 
300
490
500
590 |a Modern Book Centre 
650 |a Marketing management 
942 |c BK 
999 |c 134449  |d 134449 
952 |0 0  |1 1  |4 0  |6 658_800000000000000_KIN  |7 0  |9 147909  |a IMK  |b IMK  |g 747.00  |l 0  |o 658.8 KIN  |p IMK01455  |r 2019-10-25  |w 2019-10-25  |y BK